Movies Quiz

Random Movies or World Quiz

Jurassic World Cast Quiz Stats

 Plays Quiz not verified by Sporcle

Challenge
Share
Tweet
Embed
Score 0/14 Timer 10:00
0 Plays Today
Hint Answer % Correct
OwenChris Pratt
97.2%
ClaireBryce Dallas Howard
72.3%
Dr. Henry WuBD Wong
43.9%
GrayTy Simpkins
41.5%
ZachNick Robinson
39.1%
KarenJudy Greer
30.4%
BarryOmar Sy
27.7%
Hint Answer % Correct
LoweryJake Johnson
27.3%
HoskinsVincent D'Onofrio
26.3%
ZaraKatie McGrath
21.8%
HamadaBrian Tee
18%
ScottAndy Buckley
17.6%
VivianLauren Lapkus
16.3%
MasraniIrrfan Kahn
13.1%

You're not logged in!

Compare scores with friends on all Sporcle quizzes.
Join for Free
OR
Log In

You Might Also Like...

Show Comments

Extras

Top Quizzes Today


Score Distribution

Your Account Isn't Verified!

In order to create a playlist on Sporcle, you need to verify the email address you used during registration. Go to your Sporcle Settings to finish the process.

Report this User

Report this user for behavior that violates our Community Guidelines.

Details: